000 01299cam a2200169 4500500
005 20260208010725.0
041 _afre
042 _adc
100 1 0 _aLorvellec, Yves
_eauthor
245 0 0 _aJean-François Mattéi, Le sens de la démesure, Hubris et Dikè, Cabris, Sulliver, 2009, 202 p.
260 _c2011.
500 _a56
520 _aRésuméCette revue critique marque un contraste entre deux ouvrages récents sur les concepts : une approche psychologique cohérente qui met l’accent sur le développement des concepts et une approche philosophique superficielle qui se veut « contextualiste » et débouche sur l’affirmation que tous les concepts sont vagues et indéterminés.
520 _aThe Emperor’s new conceptsA critical review of two recent books on concepts. A contrast is made between a powerful psychological approach, which emphasises the developmental profile of concepts, and a shallow philosophical approach which calls itself « contextualist » and implausibly leads to the claim that all concepts are vague or indeterminate.
786 0 _nRevue philosophique de la France et de l'étranger | 136 | 2 | 2011-05-17 | p. 247za-273za | 0035-3833
856 4 1 _uhttps://shs.cairn.info/revue-philosophique-2011-2-page-247za?lang=fr&redirect-ssocas=7080
999 _c1657905
_d1657905